[Event "Salou Salauris op 1st"]
[Site "Salou"]
[Date "2021.06.26"]
[Round "5"]
[White "Stankevicius, Dominykas"]
[Black "Domene Mulyukova, Catarina"]
[Result "0-1"]
[WhiteElo "1377"]
[BlackElo "1099"]
[PlyCount "96"]
[EventDate "2021.06.25"]
[EventType "swiss"]
[EventRounds "7"]
[EventCountry "ESP"]
[SourceTitle "CBM 203 Extra"]
[Source "ChessBase"]
[SourceDate "2021.09.30"]
[SourceVersion "1"]
[SourceVersionDate "2021.09.30"]
[SourceQuality "1"]

1. e4 e5 2. Nf3 Nc6 3. Bc4 Bc5 4. Nc3 Nf6 5. d3 d6 6. 0-0 0-0 7. a3 Be6 8. Be3 Bb6 9. Bxb6 axb6 10. Bxe6 fxe6 11. d4 exd4 12. Nxd4 e5 13. Ne6 Qd7 14. Nxf8 Rxf8 15. f4 Qe7 16. Nd5 Qd7 17. fxe5 Nxe5 18. Nxf6+ gxf6 19. Qd5+ Kg7 20. Qxb7 Rg8 21. Qd5 c6 22. Qd2 Kf7 23. Qe2 Qh3 24. g3 Rg6 25. Rf4 b5 26. Rh4 Qxh4 27. Qd2 Nf3+ 28. Kf2 Qxh2+ 29. Kxf3 Qxd2 30. Rh1 Kg7 31. g4 Rxg4 32. Rxh7+ Kxh7 33. Kxg4 Qxc2 34. Kf5 Kg7 35. b4 d5 36. Kg4 Qxe4+ 37. Kg3 Qc4 38. a4 bxa4 39. b5 cxb5 40. Kf3 a3 41. Ke3 a2 42. Kd2 Qb4+ 43. Kc2 a1R 44. Kd3 Ra3+ 45. Kc2 Qb3+ 46. Kc1 Qa2 47. Kd1 Qh2 48. Kc1 Ra1# 0-1

[Event "Salou Salauris op 1st"]
[Site "Salou"]
[Date "2021.06.26"]
[Round "3"]
[White "Stankevicius, Dominykas"]
[Black "Martinez Garcia, Adria"]
[Result "0-1"]
[WhiteElo "1377"]
[BlackElo "1531"]
[PlyCount "42"]
[EventDate "2021.06.25"]
[EventType "swiss"]
[EventRounds "7"]
[EventCountry "ESP"]
[SourceTitle "CBM 203 Extra"]
[Source "ChessBase"]
[SourceDate "2021.09.30"]
[SourceVersion "1"]
[SourceVersionDate "2021.09.30"]
[SourceQuality "1"]

1. e4 e5 2. Nf3 Nc6 3. Bc4 Bc5 4. c3 Nf6 5. d4 exd4 6. cxd4 Bb4+ 7. Nc3 0-0 8. e5 Ne4 9. Qd3 d5 10. exd6 Nxd6 11. d5 Re8+ 12. Be3 Bf5 13. Qe2 Ne5 14. Bb5 Nxb5 15. Nxe5 Rxe5 16. Qxb5 Bxc3+ 17. bxc3 Qxd5 18. Qb4 Qxg2 19. Kd2 Rd8+ 20. Bd4 Qxf2+ 21. Kc1 Qc2# 0-1